书目信息 |
| 题名: |
土地测量学
|
|
| 作者: | ;浙江省黄岩农业学校 主编 | |
| 分册: | ||
| 出版信息: | 北京 农业出版社 1961 |
|
| 页数: | 131页 | |
| 开本: | 20cm | |
| 丛书名: | ||
| 单 册: | ||
| 中图分类: | S29 | |
| 科图分类: | ||
| 主题词: | 农业工程--工程测量 , 农业工程--土地--测量 | |
| 电子资源: | ||
| ISBN: | ||
| 000 | 00728nam0 2200217 450 | |
| 001 | 0635986529 | |
| 005 | 20060523105942.92 | |
| 010 | @dCNY0.38 | |
| 100 | @a20060427d1961 km y0chiy0120 ea | |
| 101 | 0 | @achi |
| 200 | 1 | @a土地测量学@Atu di ce liang xue@e农学类各专业用@f浙江省黄岩农业学校主编@Fzhe jiang sheng huang yan nong ye xue xiao zhu bian |
| 210 | @a北京@c农业出版社@d1961 | |
| 215 | 1 | @a131页@d20cm |
| 300 | @a中等农业学校试用教科书 | |
| 517 | 1 | @a农学类各专业用@Anong xue lei ge zhuan ye yong |
| 606 | 0 | @a农业工程@x工程测量 |
| 606 | 0 | @a农业工程@x土地@x测量 |
| 690 | @aS29@v4 | |
| 711 | 0 | @a浙江省黄岩农业学校@Azhe jiang sheng huang yan nong ye xue xiao@4主编 |
| 801 | 0 | @aCN@bPFT@c20060523 |
| 905 | @a10447@dS29@e2 | |
| 土地测量学:农学类各专业用/浙江省黄岩农业学校主编.-北京:农业出版社,1961 |
| 131页;20cm |
| 中等农业学校试用教科书 |
| ISBN :CNY0.38 |
| ● |
| 相关链接 |
|
|
|
|
正题名:土地测量学
索取号:S29/2
 
预约/预借
| 序号 | 登录号 | 条形码 | 馆藏地/架位号 | 状态 | 备注 |
| 1 | 0008602 | 202370870 | 密集书库/ [索取号:S29/2] | 在馆 | |
| 2 | 0008603 | 202183840 | 密集书库/ [索取号:S29/2] | 在馆 |